000 00771nam a2200205Ia 4500
005 20260121110345.0
008 008 260114s9999 xx 000 0 hin d
020 _a9788132361237
037 _aEBOOK
040 _aCRL
_bhin
_cCRL
041 _ahin
_2hin
084 _qCRL
100 _aओमपाल सिंह / Praveen Kalyan
_9945182
245 0 _aविश्व प्रसिद्ध क्रिकेट खिलाड़ीः जीवन एवं उपलब्धियाँ / Vishv prasiddh cricket khiladi: Jeevan aur uplabdhiyan
260 _bभाषा प्रकाशन / Bhasha Prakashan
_c2021
856 _uhttps://bhashaprakashan.com/product-details/379074
942 _cEBOOK
999 _c1536846
_d1536846